Normal view MARC view
  • Wyatt, David J.

Entry Personal Name

Number of records used in: 1

001 - CONTROL NUMBER

  • control field: 25052

003 - CONTROL NUMBER IDENTIFIER

  • control field: NUST

005 - DATE AND TIME OF LATEST TRANSACTION

  • control field: 20191030113734.0

008 - FIXED-LENGTH DATA ELEMENTS

  • fixed length control field: 191030|| aca||aabn | a|a d

040 ## - CATALOGING SOURCE

  • Original cataloging agency: NUST
  • Transcribing agency: NUST

100 ## - HEADING--PERSONAL NAME

  • Personal name: Wyatt, David J.

670 ## - SOURCE DATA FOUND

  • Source citation: Work cat.: (NUST): Meier, Hans W. 25049, Construction specifications :, c2008.
© 2023 Central Library, National University of Sciences and Technology. All Rights Reserved.